YouTube - Les Musiques de Youtubeurs - Statistiques

Statistiques générales
  • Ce quiz a été pris 9 670 fois
  • Le résultat moyen est 11 sur 18
Statistiques - réponses
Musique Youtubeur(s) % Correct
Dans le club Michou
91%
Déprime Mastu
88%
Top 1 Squeezie
86%
Luigi Clash Mario Norman
84%
Mili Mili Inoxtag
82%
Clash Tibo Inshape Juju Fitcats
76%
Je sais pas danser Natoo
75%
J'effectue le dab Mcfly & Carlito
68%
Réponse à Cortex Cyprien
63%
Singapour Kévin Tran
51%
Toko Dombi Theodort
48%
Millionaire Joyca
46%
Une Araignée Anas / Le Bled'Art
42%
Jamais Mister V
39%
RAP BATTLE DIVISION Cyril.mp4
38%
Les boss Lebouseuh
37%
On s'fait un FIFA Cyprien Gaming
33%
Saint-Valentin Tibo Inshape
32%
Aucun quiz correspondant
Distribution des résultats
% des personnes avec chaque résultat
Percentile par nombre de réponses
Votre historique - résultats
Vous n’avez pas pris ce quiz